| 000 | 00634nam a2200193 a 4500 | ||
|---|---|---|---|
| 001 | BRCA_1920 | ||
| 005 | 20190320203613.0 | ||
| 008 | 900302s1989 mx-a---##d---#000-0dspa-d | ||
| 020 | _a968610593X (Obra completa) | ||
| 050 | 4 |
_aF1204 _b.M95 1989 |
|
| 100 | 1 |
_aMusacchio, Humberto _d1943- _95922 |
|
| 245 | 1 | 0 |
_aDiccionario enciclopédico de México _cHumberto Musacchio. |
| 260 |
_aMéxico _bAndrés León _c1989 |
||
| 300 |
_a4 v. _bil. (algunas a color) _c24 cm. |
||
| 505 | 0 | _aContenido : v.1. A-D. -- v.2. E-LL. -- v.3. M-Q. -- v.4. R-Z | |
| 651 | 4 |
_aMéxico _vDiccionarios y enciclopedias _95923 |
|
| 902 | _aREF | ||
| 942 |
_2lcc _cB |
||
| 999 |
_c1692 _d1692 |
||